LEADER 00794nam1-22003011i-450- 001 990000124460403321 005 20070725130342.0 035 $a000012446 035 $aFED01000012446 035 $a(Aleph)000012446FED01 035 $a000012446 100 $a20020821f18001899km-y0itay50------ba 101 0 $ager 105 $ay-------001yy 200 1 $aBau der Pumpen und Spritzen 210 $as.l.$cs.n.$d18?? 215 $av.$d53 cm 300 $aEsempl. senza front. Notizie ricav. dall'interno 327 0 $aBau 9.: 76 tav. : ill. 610 0 $aPompe 676 $a621.6 801 0$aIT$bUNINA$gRICA$2UNIMARC 901 $aBK 912 $a990000124460403321 952 $a13 AR 5 B 04$b7199$fFINBC 959 $aFINBC 996 $aBau der Pumpen und Spritzen$9114193 997 $aUNINA LEADER 00832nam0-22003011i-450- 001 990003011840403321 010 $a0-7450-1392-9 035 $a000301184 035 $aFED01000301184 035 $a(Aleph)000301184FED01 035 $a000301184 100 $a20000920d1994----km-y0itay50------ba 101 0 $aita 102 $aIT 200 1 $aApplied Economic Forecasting Techniques$fEdited by Stephen G. Hall. 210 $aNew York$aLondon$cHarvester Wheatsheaf$d1994. 215 $aX, 213 p.$d23 cm 610 0 $aEconomia$aPrevisioni 676 $aF/2.5 702 1$aHall,$bStephen G. 801 0$aIT$bUNINA$gRICA$2UNIMARC 901 $aBK 912 $a990003011840403321 952 $aF/2.5 HAL$b15014$fSES 959 $aSES 996 $aApplied economic forecasting techniques$960661 997 $aUNINA DB $aING01 LEADER 01315nam 2200373 450 001 9910350257103321 005 20230423083206.0 010 $a1-7281-0477-7 024 7 $a10.1109/Metamaterials46719.2019 035 $a(CKB)4100000009838392 035 $a(NjHacI)994100000009838392 035 $a(EXLCZ)994100000009838392 100 $a20230423d2019 uy 0 101 0 $aeng 135 $aur||||||||||| 181 $ctxt$2rdacontent 182 $cc$2rdamedia 183 $acr$2rdacarrier 200 10$a2019 Thirteenth International Congress on Artificial Materials for Novel Wave Phenomena (Metamaterials) /$fInstitute of Electrical and Electronics Engineers 210 1$aPiscataway, NJ :$cIEEE,$d2019. 210 4$dİ2019 215 $a1 online resource (149 pages) 311 $a1-7281-0478-5 320 $aIncludes bibliographical references and index. 517 $a2019 Thirteenth International Congress on Artificial Materials for Novel Wave Phenomena 606 $aMetamaterials$vCongresses 615 0$aMetamaterials 676 $a621 801 0$bNjHacI 801 1$bNjHacl 906 $aPROCEEDING 912 $a9910350257103321 996 $a2019 Thirteenth International Congress on Artificial Materials for Novel Wave Phenomena (Metamaterials)$92511754 997 $aUNINA